North American Capitals - Statistics

General Stats
  • This quiz has been taken 291 times
  • The average score is 18 of 23
Answer Stats
Hint Answer % Correct
Canada Ottawa
96%
Mexico Mexico City
95%
United States of America Washington, D.C.
94%
Cuba Havana
91%
Jamaica Kingston
91%
Saint Vincent and the Grenadines Kingstown
91%
Panama Panama City
88%
El Salvador San Salvador
87%
Guatemala Guatemala City
86%
Bahamas Nassau
85%
Haiti Port-au-Prince
85%
Dominican Republic Santo Domingo
83%
Costa Rica San Jose
81%
Trinidad and Tobago Port of Spain
76%
Antigua and Barbuda Saint John's
75%
Nicaragua Managua
72%
Grenada Saint George's
72%
Belize Belmopan
69%
Barbados Bridgetown
69%
Dominica Roseau
68%
Honduras Tegucigalpa
67%
Saint Kitts and Nevis Basseterre
62%
Saint Lucia Castries
56%
No matching quizzes found
Score Distribution
Percent of People with Each Score
Percentile by Number Answered
Your Score History
You have not taken this quiz